[Event "Team Championship Russia (Rapid, Men)"]
[Site "Sochi"]
[Date "2018.10.08"]
[Round "2.9"]
[White "Artemiev, Vladislav"]
[Black "Chigaev, Maksim"]
[Result "1/2-1/2"]
[BlackElo "2704"]
[WhiteElo "2764"]
[LiveChessVersion "1.4.8"]

1. e4 {[%clk 0:15:16]} c5 {[%clk 0:15:19]} 2. Nf3 {[%clk 0:15:24]} e6
{[%clk 0:15:29]} 3. d4 {[%clk 0:15:24]} cxd4 {[%clk 0:15:37]} 4. Qxd4
{[%clk 0:15:31]} Nc6 {[%clk 0:15:45]} 5. Qe3 {[%clk 0:15:38]} Nf6
{[%clk 0:14:54]} 6. Be2 {[%clk 0:15:45]} d5 {[%clk 0:14:30]} 7. exd5
{[%clk 0:15:53]} Nxd5 {[%clk 0:14:37]} 8. Qb3 {[%clk 0:16:01]} Bc5
{[%clk 0:14:15]} 9. O-O {[%clk 0:15:35]} O-O {[%clk 0:14:23]} 10. Rd1
{[%clk 0:15:08]} Qc7 {[%clk 0:13:16]} 11. Nc3 {[%clk 0:15:14]} Nxc3
{[%clk 0:13:15]} 12. Qxc3 {[%clk 0:15:22]} Qb6 {[%clk 0:13:24]} 13. Be3
{[%clk 0:15:28]} Bxe3 {[%clk 0:13:29]} 14. fxe3 {[%clk 0:15:37]} Ne7
{[%clk 0:11:29]} 15. Kf2 {[%clk 0:14:10]} Nd5 {[%clk 0:11:21]} 16. Qd4
{[%clk 0:14:19]} Qc7 {[%clk 0:11:28]} 17. e4 {[%clk 0:14:27]} Nf4
{[%clk 0:10:15]} 18. Qd6 {[%clk 0:14:36]} Qxd6 {[%clk 0:10:21]} 19. Rxd6
{[%clk 0:14:45]} Nxe2 {[%clk 0:10:28]} 20. Kxe2 {[%clk 0:14:54]} b6
{[%clk 0:10:34]} 21. Ke3 {[%clk 0:14:43]} Bb7 {[%clk 0:10:30]} 22. Rad1
{[%clk 0:14:47]} h6 {[%clk 0:07:46]} 23. c4 {[%clk 0:09:04]} Rfc8
{[%clk 0:06:29]} 24. b3 {[%clk 0:09:04]} Bc6 {[%clk 0:06:38]} 25. g4
{[%clk 0:08:35]} Kf8 {[%clk 0:06:18]} 26. h4 {[%clk 0:08:32]} Ke7
{[%clk 0:05:20]} 27. g5 {[%clk 0:08:28]} hxg5 {[%clk 0:05:20]} 28. hxg5
{[%clk 0:08:37]} Be8 {[%clk 0:04:13]} 29. Kf4 {[%clk 0:06:57]} f6
{[%clk 0:02:42]} 30. e5 {[%clk 0:07:06]} Rc5 {[%clk 0:02:46]} 31. gxf6+
{[%clk 0:04:52]} gxf6 {[%clk 0:02:55]} 32. exf6+ {[%clk 0:05:00]} Kxf6
{[%clk 0:03:03]} 33. R1d5 {[%clk 0:03:13]} Ke7 {[%clk 0:02:14]} 34. Rxc5
{[%clk 0:03:21]} Kxd6 {[%clk 0:02:23]} 35. Rg5 {[%clk 0:03:30]} Bc6
{[%clk 0:02:24]} 36. Nd4 {[%clk 0:03:38]} Rf8+ {[%clk 0:02:33]} 37. Ke3
{[%clk 0:03:48]} Bd7 {[%clk 0:02:39]} 38. b4 {[%clk 0:03:46]} Rc8
{[%clk 0:01:48]} 39. Kd3 {[%clk 0:03:55]} e5 {[%clk 0:01:07]} 40. Nc2
{[%clk 0:04:04]} Be6 {[%clk 0:00:31]} 41. Ne3 {[%clk 0:03:42]} Rf8
{[%clk 0:00:40]} 42. Rg6 {[%clk 0:03:41]} Rf4 {[%clk 0:00:18]} 43. a4
{[%clk 0:03:11]} Ke7 {[%clk 0:00:12]} 44. Rg7+ {[%clk 0:03:07]} Rf7
{[%clk 0:00:22]} 45. Rg5 {[%clk 0:02:49]} Kd6 {[%clk 0:00:25]} 46. Rg8
{[%clk 0:02:58]} Rf3 {[%clk 0:00:27]} 47. Rg6 {[%clk 0:02:57]} Rf4
{[%clk 0:00:29]} 48. Rh6 {[%clk 0:02:33]} Ke7 {[%clk 0:00:26]} 49. Rh7+
{[%clk 0:01:50]} Rf7 {[%clk 0:00:36]} 50. Rh8 {[%clk 0:01:27]} Rf4
{[%clk 0:00:32]} 51. Ra8 {[%clk 0:01:28]} Rd4+ {[%clk 0:00:41]} 52. Kc3
{[%clk 0:01:37]} Re4 {[%clk 0:00:51]} 53. Kd2 {[%clk 0:01:08]} Rd4+
{[%clk 0:00:49]} 54. Kc3 {[%clk 0:00:42]} Re4 {[%clk 0:00:58]} 55. Rxa7+
{[%clk 0:00:50]} Kd6 {[%clk 0:01:08]} 56. Kd2 {[%clk 0:00:49]} Rd4+
{[%clk 0:00:55]} 57. Ke1 {[%clk 0:00:57]} Re4 {[%clk 0:01:04]} 58. Kf2
{[%clk 0:01:00]} Rf4+ {[%clk 0:00:59]} 59. Kg3 {[%clk 0:00:39]} Re4
{[%clk 0:01:07]} 1/2-1/2

[Event "Team Championship Russia (Rapid, Men)"]
[Site "Sochi"]
[Date "2018.10.08"]
[Round "2.11"]
[White "Timofeev, Artyom"]
[Black "Lugovskoy, Maxim"]
[Result "1-0"]
[BlackElo "2476"]
[WhiteElo "2636"]
[LiveChessVersion "1.4.8"]

1. c4 {[%clk 0:15:18]} e6 {[%clk 0:15:18]} 2. Nc3 {[%clk 0:15:25]} d5
{[%clk 0:15:27]} 3. d4 {[%clk 0:15:26]} a6 {[%clk 0:15:35]} 4. cxd5
{[%clk 0:14:49]} exd5 {[%clk 0:15:43]} 5. Qb3 {[%clk 0:14:57]} Nf6
{[%clk 0:15:46]} 6. Nf3 {[%clk 0:14:17]} c6 {[%clk 0:15:53]} 7. Bf4
{[%clk 0:14:20]} Be7 {[%clk 0:15:44]} 8. e3 {[%clk 0:14:27]} O-O {[%clk 0:15:51]}
9. Bxb8 {[%clk 0:14:26]} Rxb8 {[%clk 0:15:55]} 10. Bxa6 {[%clk 0:14:33]} Bd6
{[%clk 0:14:48]} 11. Be2 {[%clk 0:14:20]} Re8 {[%clk 0:14:54]} 12. Qc2
{[%clk 0:13:51]} g6 {[%clk 0:13:18]} 13. h3 {[%clk 0:13:12]} b5 {[%clk 0:13:00]}
14. a3 {[%clk 0:12:29]} Bd7 {[%clk 0:12:31]} 15. Nd2 {[%clk 0:10:48]} b4
{[%clk 0:11:51]} 16. axb4 {[%clk 0:10:53]} Rxb4 {[%clk 0:11:57]} 17. Na4
{[%clk 0:09:08]} Qe7 {[%clk 0:11:13]} 18. O-O {[%clk 0:08:40]} Qf8
{[%clk 0:09:13]} 19. Rfe1 {[%clk 0:07:20]} Qh6 {[%clk 0:09:05]} 20. Bf1
{[%clk 0:07:26]} Rbb8 {[%clk 0:04:29]} 21. Nc5 {[%clk 0:06:31]} Bf5
{[%clk 0:04:35]} 22. Qc3 {[%clk 0:06:22]} Ng4 {[%clk 0:04:10]} 23. Nf3
{[%clk 0:06:09]} Be4 {[%clk 0:03:30]} 24. Be2 {[%clk 0:04:18]} Nf6
{[%clk 0:01:57]} 25. Ra6 {[%clk 0:04:11]} Rec8 {[%clk 0:01:27]} 26. b4
{[%clk 0:04:07]} Bf5 {[%clk 0:01:17]} 27. Bf1 {[%clk 0:02:43]} Ne4
{[%clk 0:01:11]} 28. Qc1 {[%clk 0:02:21]} Rxb4 {[%clk 0:01:08]} 29. Nxe4
{[%clk 0:02:22]} dxe4 {[%clk 0:00:59]} 30. Rxc6 {[%clk 0:02:28]} Rd8
{[%clk 0:00:20]} 31. Ne5 {[%clk 0:02:28]} Qg5 {[%clk 0:00:22]} 32. g3
{[%clk 0:01:37]} Be6 {[%clk 0:00:30]} 33. h4 {[%clk 0:01:23]} Qf6
{[%clk 0:00:28]} 34. Qa1 {[%clk 0:01:19]} Bxe5 {[%clk 0:00:24]} 35. dxe5
{[%clk 0:01:27]} Qf5 {[%clk 0:00:32]} 36. Qa5 {[%clk 0:00:46]} Rd2
{[%clk 0:00:30]} 37. Be2 {[%clk 0:00:20]} Rxe2 {[%clk 0:00:16]} 38. Rxe2
{[%clk 0:00:28]} Qf3 {[%clk 0:00:12]} 39. Qd8+ Kg7 40. Qf6+ {[%clk 0:00:32]} Qxf6
{[%clk 0:00:30]} 41. exf6+ Kxf6 {[%clk 0:00:40]} 42. Re1 {[%clk 0:00:48]} Kg7
{[%clk 0:00:30]} 43. Rec1 {[%clk 0:00:48]} h5 {[%clk 0:00:24]} 44. R6c5
{[%clk 0:00:51]} Rb2 {[%clk 0:00:26]} 45. Re5 {[%clk 0:00:55]} Rb4
{[%clk 0:00:27]} 46. Rec5 {[%clk 0:00:53]} Rb2 {[%clk 0:00:34]} 47. R5c2
{[%clk 0:00:44]} Rb4 {[%clk 0:00:40]} 48. Kf1 {[%clk 0:00:47]} Rb3
{[%clk 0:00:34]} 49. Ke1 {[%clk 0:00:50]} Bg4 {[%clk 0:00:41]} 50. Rc4
{[%clk 0:00:44]} Bf3 {[%clk 0:00:47]} 51. Rd4 {[%clk 0:00:53]} Rb7
{[%clk 0:00:51]} 52. Kd2 {[%clk 0:00:59]} Rb2+ {[%clk 0:00:55]} 53. Rc2
{[%clk 0:01:08]} Rb1 {[%clk 0:01:02]} 54. Kc3 {[%clk 0:01:16]} Rb7
{[%clk 0:00:54]} 55. Rcd2 {[%clk 0:01:14]} Rb6 {[%clk 0:00:39]} 56. Rd6
{[%clk 0:01:15]} Rb5 {[%clk 0:00:46]} 57. Kd4 {[%clk 0:01:21]} Ra5
{[%clk 0:00:50]} 58. Rd5 {[%clk 0:01:23]} Ra6 {[%clk 0:00:54]} 59. Rb2
{[%clk 0:01:27]} Bg2 {[%clk 0:00:44]} 60. Rd7 {[%clk 0:01:21]} Ra4+
{[%clk 0:00:42]} 61. Kc5 {[%clk 0:01:21]} Ra5+ {[%clk 0:00:45]} 62. Kd6
{[%clk 0:01:25]} Ra6+ {[%clk 0:00:49]} 63. Ke7 {[%clk 0:01:26]} Re6+
{[%clk 0:00:44]} 64. Kd8 {[%clk 0:01:34]} Rf6 {[%clk 0:00:15]} 65. Ke8
{[%clk 0:01:36]} Bh3 {[%clk 0:00:21]} 66. Re7 {[%clk 0:01:30]} Be6
{[%clk 0:00:27]} 67. Kd8 {[%clk 0:01:27]} Bf5 {[%clk 0:00:18]} 68. Rbb7
{[%clk 0:01:26]} Be6 {[%clk 0:00:19]} 69. Rb2 {[%clk 0:01:24]} Bf5
{[%clk 0:00:27]} 70. Re5 {[%clk 0:01:21]} Rd6+ {[%clk 0:00:33]} 71. Kc7
{[%clk 0:01:27]} Ra6 {[%clk 0:00:19]} 72. Rc5 {[%clk 0:01:05]} Rf6
{[%clk 0:00:17]} 73. Rc6 {[%clk 0:01:10]} Be6 {[%clk 0:00:27]} 74. Kd8
{[%clk 0:01:14]} Kf8 {[%clk 0:00:23]} 75. Rd6 {[%clk 0:01:16]} Kg7
{[%clk 0:00:14]} 76. Ke7 {[%clk 0:01:23]} Rf3 {[%clk 0:00:12]} 77. Rd8
{[%clk 0:01:27]} g5 {[%clk 0:00:12]} 78. hxg5 {[%clk 0:01:22]} Kg6
{[%clk 0:00:21]} 79. Rd4 {[%clk 0:01:20]} Bf5 {[%clk 0:00:21]} 80. Kf8
{[%clk 0:01:27]} Kxg5 {[%clk 0:00:24]} 81. Kxf7 {[%clk 0:01:34]} h4
{[%clk 0:00:18]} 82. gxh4+ {[%clk 0:01:40]} Kxh4 {[%clk 0:00:26]} 83. Kf6
{[%clk 0:01:43]} Kg4 {[%clk 0:00:24]} 84. Ke5 {[%clk 0:01:47]} Rh3
{[%clk 0:00:18]} 85. Rb1 {[%clk 0:01:23]} Rh5 {[%clk 0:00:19]} 86. Rxe4+
{[%clk 0:01:27]} Bxe4+ {[%clk 0:00:12]} 87. Kxe4 {[%clk 0:01:36]} Rh2
{[%clk 0:00:11]} 88. Rg1+ {[%clk 0:01:43]} Kh5 {[%clk 0:00:13]} 89. f4
{[%clk 0:01:51]} 1-0

[Event "Team Championship Russia (Rapid, Men)"]
[Site "Sochi"]
[Date "2018.10.08"]
[Round "2.12"]
[White "Murzin, Volodar"]
[Black "Hasangatin, Ramil"]
[Result "1/2-1/2"]
[BlackElo "2451"]
[WhiteElo "2319"]
[LiveChessVersion "1.4.8"]

1. e4 {[%clk 0:15:19]} d5 {[%clk 0:15:16]} 2. exd5 {[%clk 0:15:26]} Qxd5
{[%clk 0:15:25]} 3. Nc3 {[%clk 0:15:34]} Qd6 {[%clk 0:15:34]} 4. Nf3
{[%clk 0:15:38]} Nf6 {[%clk 0:15:42]} 5. Be2 {[%clk 0:15:44]} c6 {[%clk 0:15:50]}
6. O-O {[%clk 0:15:51]} Bg4 {[%clk 0:15:59]} 7. h3 {[%clk 0:15:59]} Bh5
{[%clk 0:16:08]} 8. d3 {[%clk 0:15:35]} e6 {[%clk 0:15:55]} 9. Ng5
{[%clk 0:15:19]} Bg6 {[%clk 0:15:16]} 10. Nge4 {[%clk 0:15:05]} Nxe4
{[%clk 0:15:20]} 11. Nxe4 {[%clk 0:15:02]} Qd8 {[%clk 0:15:20]} 12. Bd2
{[%clk 0:13:43]} Be7 {[%clk 0:15:24]} 13. Bc3 {[%clk 0:13:50]} O-O
{[%clk 0:15:28]} 14. Bh5 {[%clk 0:13:34]} Nd7 {[%clk 0:15:09]} 15. Bxg6
{[%clk 0:13:36]} hxg6 {[%clk 0:15:19]} 16. Qf3 {[%clk 0:11:32]} Nf6
{[%clk 0:15:18]} 17. Nxf6+ {[%clk 0:08:26]} Bxf6 {[%clk 0:15:19]} 18. Bxf6
{[%clk 0:07:18]} Qxf6 {[%clk 0:15:27]} 19. Qxf6 {[%clk 0:06:48]} gxf6
{[%clk 0:15:36]} 20. a4 {[%clk 0:06:49]} a5 {[%clk 0:15:15]} 21. Rfb1
{[%clk 0:06:05]} Rfb8 {[%clk 0:11:24]} 22. b4 {[%clk 0:05:18]} axb4
{[%clk 0:07:42]} 23. Rxb4 {[%clk 0:05:26]} Kf8 {[%clk 0:07:43]} 24. Rab1
{[%clk 0:05:21]} Ra7 {[%clk 0:07:51]} 25. Rb6 {[%clk 0:04:27]} Rxa4
{[%clk 0:07:48]} 26. Rxc6 {[%clk 0:04:35]} b5 {[%clk 0:06:24]} 27. c3
{[%clk 0:02:24]} Rb7 {[%clk 0:05:49]} 28. Rc5 {[%clk 0:02:15]} b4
{[%clk 0:04:13]} 29. Rc4 {[%clk 0:02:17]} Ra3 {[%clk 0:04:22]} 30. cxb4
{[%clk 0:02:21]} Rxd3 {[%clk 0:04:28]} 31. b5 {[%clk 0:02:29]} Rd5
{[%clk 0:02:48]} 32. b6 {[%clk 0:02:32]} Rd6 {[%clk 0:02:56]} 33. Rcb4
{[%clk 0:02:39]} f5 {[%clk 0:02:25]} 34. h4 {[%clk 0:02:25]} Ke7 {[%clk 0:02:17]}
35. R4b2 {[%clk 0:02:20]} e5 {[%clk 0:02:20]} 1/2-1/2

[Event "Team Championship Russia (Rapid, Men)"]
[Site "Sochi"]
[Date "2018.10.08"]
[Round "2.13"]
[White "Sychev, Klementy"]
[Black "Malakhov, Vladimir"]
[Result "0-1"]
[BlackElo "2648"]
[WhiteElo "2578"]
[LiveChessVersion "1.4.8"]

1. c4 {[%clk 0:15:18]} Nf6 {[%clk 0:15:14]} 2. Nf3 {[%clk 0:15:25]} c6
{[%clk 0:15:22]} 3. g3 {[%clk 0:15:33]} d5 {[%clk 0:15:27]} 4. Bg2
{[%clk 0:15:41]} dxc4 {[%clk 0:15:20]} 5. O-O {[%clk 0:15:45]} Nbd7
{[%clk 0:14:46]} 6. Na3 {[%clk 0:15:45]} Nb6 {[%clk 0:14:52]} 7. Qc2
{[%clk 0:15:45]} g6 {[%clk 0:14:45]} 8. Nxc4 {[%clk 0:15:52]} Nxc4
{[%clk 0:14:53]} 9. Qxc4 {[%clk 0:16:00]} Bg7 {[%clk 0:15:01]} 10. d3
{[%clk 0:15:26]} O-O {[%clk 0:14:57]} 11. Bf4 {[%clk 0:14:57]} Nd5
{[%clk 0:13:10]} 12. Be5 {[%clk 0:15:01]} f6 {[%clk 0:13:12]} 13. Bc3
{[%clk 0:11:56]} Kh8 {[%clk 0:12:34]} 14. Bd2 {[%clk 0:11:31]} e5
{[%clk 0:12:36]} 15. e4 {[%clk 0:10:09]} Nb6 {[%clk 0:12:22]} 16. Qc2
{[%clk 0:10:17]} Bg4 {[%clk 0:11:21]} 17. Be3 {[%clk 0:10:25]} Rc8
{[%clk 0:10:37]} 18. b4 {[%clk 0:10:04]} Nd7 {[%clk 0:10:07]} 19. Nd2
{[%clk 0:08:01]} Qe7 {[%clk 0:09:32]} 20. Nc4 {[%clk 0:07:02]} c5
{[%clk 0:07:07]} 21. b5 {[%clk 0:05:50]} Be6 {[%clk 0:06:44]} 22. Rac1
{[%clk 0:05:21]} b6 {[%clk 0:06:09]} 23. a4 {[%clk 0:05:04]} f5 {[%clk 0:05:16]}
24. exf5 {[%clk 0:04:33]} gxf5 {[%clk 0:05:10]} 25. Rfe1 {[%clk 0:04:42]} f4
{[%clk 0:04:31]} 26. Bd2 {[%clk 0:03:57]} f3 {[%clk 0:04:40]} 27. Bf1
{[%clk 0:03:36]} Rf5 {[%clk 0:04:35]} 28. Bc3 {[%clk 0:03:07]} Rh5
{[%clk 0:04:30]} 29. Re3 {[%clk 0:02:55]} Bd5 {[%clk 0:00:38]} 30. Rce1
{[%clk 0:02:59]} Re8 {[%clk 0:00:47]} 31. Nd2 {[%clk 0:01:08]} Qf6
{[%clk 0:00:37]} 32. Qd1 {[%clk 0:00:45]} Rf8 {[%clk 0:00:30]} 33. Ne4
{[%clk 0:00:54]} Qf7 {[%clk 0:00:24]} 34. Nd6 {[%clk 0:00:29]} Qe6
{[%clk 0:00:17]} 35. Ne4 {[%clk 0:00:35]} Qg4 {[%clk 0:00:16]} 36. h3
{[%clk 0:00:29]} Qf5 {[%clk 0:00:24]} 37. g4 {[%clk 0:00:33]} Qg6
{[%clk 0:00:30]} 38. Rxf3 {[%clk 0:00:41]} Rhf5 {[%clk 0:00:36]} 39. Rxf5
{[%clk 0:00:42]} Rxf5 {[%clk 0:00:45]} 40. Bg2 {[%clk 0:00:48]} Rf4
{[%clk 0:00:43]} 41. Ng3 {[%clk 0:00:49]} Qf7 {[%clk 0:00:38]} 42. Bxd5
{[%clk 0:00:44]} Qxd5 {[%clk 0:00:47]} 43. Nh5 {[%clk 0:00:31]} Rf3
{[%clk 0:00:41]} 44. Re3 {[%clk 0:00:24]} Rxe3 {[%clk 0:00:41]} 45. fxe3
{[%clk 0:00:33]} Bh6 {[%clk 0:00:50]} 46. e4 {[%clk 0:00:32]} Be3+
{[%clk 0:00:50]} 47. Kh1 {[%clk 0:00:26]} Qf7 {[%clk 0:00:38]} 48. Qe2
{[%clk 0:00:33]} Bd4 {[%clk 0:00:41]} 49. Be1 {[%clk 0:00:34]} Nf8
{[%clk 0:00:20]} 50. Kg2 {[%clk 0:00:29]} Ng6 {[%clk 0:00:16]} 51. Bg3
{[%clk 0:00:15]} Kg8 {[%clk 0:00:15]} 52. g5 {[%clk 0:00:22]} Qb3
{[%clk 0:00:16]} 53. Qf1 {[%clk 0:00:13]} Qc2+ {[%clk 0:00:17]} 54. Kh1
{[%clk 0:00:20]} Qxa4 {[%clk 0:00:23]} 55. Nf6+ {[%clk 0:00:21]} Kg7
{[%clk 0:00:32]} 56. Nh5+ {[%clk 0:00:17]} Kg8 {[%clk 0:00:40]} 57. Nf6+
{[%clk 0:00:25]} Kg7 {[%clk 0:00:34]} 58. Nxh7 {[%clk 0:00:19]} Nf4
{[%clk 0:00:34]} 59. Nf6 {[%clk 0:00:23]} Kg6 {[%clk 0:00:30]} 60. Nd5
{[%clk 0:00:20]} Nxd5 {[%clk 0:00:13]} 61. Qf5+ {[%clk 0:00:14]} Kg7
{[%clk 0:00:21]} 62. Bxe5+ {[%clk 0:00:21]} Bxe5 {[%clk 0:00:24]} 63. Qxe5+
{[%clk 0:00:30]} Kg6 {[%clk 0:00:26]} 64. Qf5+ {[%clk 0:00:36]} Kh5
{[%clk 0:00:27]} 65. Qg4+ {[%clk 0:00:35]} Kg6 {[%clk 0:00:35]} 66. Qf5+
{[%clk 0:00:44]} Kh5 {[%clk 0:00:45]} 67. exd5 {[%clk 0:00:41]} Qxb5
{[%clk 0:00:54]} 68. Kg2 {[%clk 0:00:38]} a5 {[%clk 0:00:52]} 69. Kg3
{[%clk 0:00:41]} Qb1 {[%clk 0:00:45]} 70. d6 {[%clk 0:00:27]} Qg1+
{[%clk 0:00:50]} 71. Kf3 {[%clk 0:00:35]} Qh1+ {[%clk 0:00:59]} 72. Ke2
{[%clk 0:00:31]} Qh2+ {[%clk 0:01:07]} 73. Kf3 {[%clk 0:00:17]} Qxd6
{[%clk 0:00:55]} 74. h4 {[%clk 0:00:26]} Qe7 {[%clk 0:00:44]} 75. Qg4+
{[%clk 0:00:19]} Kg6 {[%clk 0:00:53]} 76. h5+ {[%clk 0:00:25]} Kg7
{[%clk 0:00:47]} 77. h6+ {[%clk 0:00:15]} Kg6 {[%clk 0:00:50]} 78. Qe4+
{[%clk 0:00:14]} Qxe4+ {[%clk 0:00:59]} 79. dxe4 {[%clk 0:00:23]} a4
{[%clk 0:01:05]} 80. e5 {[%clk 0:00:32]} a3 {[%clk 0:01:14]} 81. e6
{[%clk 0:00:42]} a2 {[%clk 0:01:24]} 82. e7 {[%clk 0:00:49]} Kf7 {[%clk 0:01:32]}
83. g6+ {[%clk 0:00:53]} Kxe7 {[%clk 0:01:41]} 0-1

[Event "Team Championship Russia (Rapid, Men)"]
[Site "Sochi"]
[Date "2018.10.08"]
[Round "2.14"]
[White "Grachev, Boris"]
[Black "Kryakvin, Dmitry"]
[Result "1/2-1/2"]
[BlackElo "2559"]
[WhiteElo "2667"]
[LiveChessVersion "1.4.8"]

1. Nf3 {[%clk 0:15:18]} Nf6 {[%clk 0:15:19]} 2. e3 {[%clk 0:15:13]} g6
{[%clk 0:15:25]} 3. b3 {[%clk 0:14:56]} Bg7 {[%clk 0:15:34]} 4. Bb2
{[%clk 0:15:04]} O-O {[%clk 0:15:41]} 5. Be2 {[%clk 0:14:52]} c5 {[%clk 0:15:31]}
6. O-O {[%clk 0:14:43]} d5 {[%clk 0:14:53]} 7. c4 {[%clk 0:14:25]} d4
{[%clk 0:14:25]} 8. exd4 {[%clk 0:13:32]} Nh5 {[%clk 0:14:34]} 9. Ne5
{[%clk 0:12:51]} cxd4 {[%clk 0:14:28]} 10. Bxh5 {[%clk 0:11:38]} Bxe5
{[%clk 0:14:32]} 11. Bf3 {[%clk 0:11:46]} Nc6 {[%clk 0:13:57]} 12. d3
{[%clk 0:11:18]} Qc7 {[%clk 0:13:27]} 13. h3 {[%clk 0:11:05]} Bf5
{[%clk 0:12:18]} 14. a3 {[%clk 0:09:31]} a5 {[%clk 0:12:11]} 15. Qe2
{[%clk 0:09:30]} Rad8 {[%clk 0:10:18]} 16. Nd2 {[%clk 0:09:19]} Bf4
{[%clk 0:09:34]} 17. Rfe1 {[%clk 0:08:06]} Qb6 {[%clk 0:06:22]} 18. Ne4
{[%clk 0:06:34]} Qxb3 {[%clk 0:05:04]} 19. Reb1 {[%clk 0:04:53]} Qb6
{[%clk 0:03:53]} 20. Bc1 {[%clk 0:04:11]} Qc7 {[%clk 0:04:01]} 21. Bxf4
{[%clk 0:04:16]} Qxf4 {[%clk 0:04:10]} 22. Rxb7 {[%clk 0:04:17]} Rb8
{[%clk 0:03:30]} 23. g3 {[%clk 0:02:56]} Qe5 {[%clk 0:02:32]} 24. Rab1
{[%clk 0:02:14]} Rxb7 {[%clk 0:02:07]} 25. Rxb7 {[%clk 0:02:22]} Rb8
{[%clk 0:01:55]} 26. Rxb8+ {[%clk 0:01:04]} Qxb8 {[%clk 0:02:00]} 27. g4
{[%clk 0:00:57]} Bc8 {[%clk 0:01:32]} 28. Nf6+ {[%clk 0:00:50]} exf6
{[%clk 0:01:42]} 29. Qe8+ {[%clk 0:00:49]} Kg7 {[%clk 0:01:50]} 30. Bxc6
{[%clk 0:00:55]} Qb1+ {[%clk 0:01:44]} 31. Kg2 {[%clk 0:01:00]} Be6
{[%clk 0:01:49]} 32. Be4 {[%clk 0:00:37]} f5 {[%clk 0:01:55]} 33. gxf5
{[%clk 0:00:45]} gxf5 {[%clk 0:02:05]} 34. Qd8 {[%clk 0:00:23]} fxe4
{[%clk 0:01:48]} 35. Qg5+ {[%clk 0:00:31]} 1/2-1/2

[Event "Team Championship Russia (Rapid, Men)"]
[Site "Sochi"]
[Date "2018.10.08"]
[Round "2.15"]
[White "Demidov, Mikhail"]
[Black "Zvjaginsev, Vadim"]
[Result "1-0"]
[BlackElo "2566"]
[WhiteElo "2595"]
[LiveChessVersion "1.4.8"]

1. Nf3 {[%clk 0:15:17]} g6 {[%clk 0:15:07]} 2. g3 {[%clk 0:15:25]} Bg7
{[%clk 0:15:12]} 3. Bg2 {[%clk 0:15:34]} c5 {[%clk 0:15:17]} 4. O-O
{[%clk 0:15:34]} Nc6 {[%clk 0:15:23]} 5. d3 {[%clk 0:15:04]} d6 {[%clk 0:14:38]}
6. e4 {[%clk 0:14:40]} Bg4 {[%clk 0:14:43]} 7. h3 {[%clk 0:14:42]} Bxf3
{[%clk 0:14:47]} 8. Bxf3 {[%clk 0:14:24]} Nf6 {[%clk 0:14:50]} 9. Bg2
{[%clk 0:14:12]} Nd7 {[%clk 0:14:52]} 10. Nd2 {[%clk 0:13:19]} O-O
{[%clk 0:14:27]} 11. f4 {[%clk 0:11:42]} Rc8 {[%clk 0:14:07]} 12. Nf3
{[%clk 0:10:46]} b5 {[%clk 0:14:08]} 13. Kh1 {[%clk 0:10:05]} b4 {[%clk 0:13:42]}
14. a4 {[%clk 0:09:27]} Nd4 {[%clk 0:11:01]} 15. Rb1 {[%clk 0:08:37]} Nxf3
{[%clk 0:09:57]} 16. Bxf3 {[%clk 0:08:39]} c4 {[%clk 0:09:10]} 17. d4
{[%clk 0:07:26]} Qa5 {[%clk 0:08:34]} 18. Be3 {[%clk 0:06:03]} Qxa4
{[%clk 0:07:18]} 19. Ra1 {[%clk 0:05:50]} Qb5 {[%clk 0:07:25]} 20. Rxa7
{[%clk 0:05:16]} Ra8 {[%clk 0:07:30]} 21. Rxa8 {[%clk 0:04:18]} Rxa8
{[%clk 0:07:38]} 22. Qe2 {[%clk 0:04:27]} Ra2 {[%clk 0:06:48]} 23. Rb1
{[%clk 0:03:37]} Qa6 {[%clk 0:05:55]} 24. e5 {[%clk 0:03:26]} Nb6
{[%clk 0:04:10]} 25. f5 {[%clk 0:02:19]} c3 {[%clk 0:03:24]} 26. Qxa6
{[%clk 0:01:55]} Rxa6 {[%clk 0:03:32]} 27. bxc3 {[%clk 0:01:48]} Ra3
{[%clk 0:03:28]} 28. f6 {[%clk 0:01:34]} Bf8 {[%clk 0:02:58]} 29. Rxb4
{[%clk 0:01:05]} Rxc3 {[%clk 0:02:00]} 30. Rxb6 {[%clk 0:01:14]} Rxe3
{[%clk 0:02:09]} 31. Rb8 {[%clk 0:01:24]} exf6 {[%clk 0:02:13]} 32. exd6
{[%clk 0:01:33]} Kg7 {[%clk 0:02:22]} 33. d7 {[%clk 0:01:43]} Be7
{[%clk 0:02:31]} 34. Re8 {[%clk 0:01:39]} 1-0

[Event "Team Championship Russia (Rapid, Men)"]
[Site "Sochi"]
[Date "2018.10.08"]
[Round "2.16"]
[White "Motylev, Alexander"]
[Black "Kozionov, Kirill"]
[Result "1-0"]
[BlackElo "2475"]
[WhiteElo "2687"]
[LiveChessVersion "1.4.8"]

1. e4 {[%clk 0:15:18]} c5 {[%clk 0:15:18]} 2. Nf3 {[%clk 0:15:26]} d6
{[%clk 0:15:27]} 3. d4 {[%clk 0:15:31]} cxd4 {[%clk 0:15:35]} 4. Nxd4
{[%clk 0:15:40]} Nf6 {[%clk 0:15:44]} 5. Nc3 {[%clk 0:15:48]} a6 {[%clk 0:15:52]}
6. Be2 {[%clk 0:15:49]} Nbd7 {[%clk 0:15:46]} 7. Be3 {[%clk 0:15:39]} e6
{[%clk 0:15:46]} 8. g4 {[%clk 0:15:25]} h6 {[%clk 0:15:38]} 9. f4
{[%clk 0:15:19]} g5 {[%clk 0:12:23]} 10. fxg5 {[%clk 0:15:19]} hxg5
{[%clk 0:12:25]} 11. Bxg5 {[%clk 0:15:28]} Rh3 {[%clk 0:10:03]} 12. Qd2
{[%clk 0:15:14]} b5 {[%clk 0:08:52]} 13. Bf1 {[%clk 0:14:01]} Rh8
{[%clk 0:06:37]} 14. Bg2 {[%clk 0:14:06]} Ne5 {[%clk 0:05:42]} 15. h3
{[%clk 0:06:30]} Bb7 {[%clk 0:05:15]} 16. Rf1 {[%clk 0:05:36]} Be7
{[%clk 0:05:07]} 17. Qf2 {[%clk 0:05:19]} Nfd7 {[%clk 0:04:41]} 18. Bxe7
{[%clk 0:05:24]} Qxe7 {[%clk 0:04:49]} 19. O-O-O {[%clk 0:05:30]} Rc8
{[%clk 0:04:13]} 20. Nce2 {[%clk 0:04:52]} Nc5 {[%clk 0:03:59]} 21. Kb1
{[%clk 0:04:14]} Nxe4 {[%clk 0:03:30]} 22. Bxe4 {[%clk 0:04:08]} Bxe4
{[%clk 0:03:38]} 23. Nf4 {[%clk 0:04:15]} d5 {[%clk 0:02:56]} 24. Nh5
{[%clk 0:04:13]} Bg6 {[%clk 0:00:44]} 25. Nf6+ {[%clk 0:04:13]} Kd8
{[%clk 0:00:31]} 26. h4 {[%clk 0:02:31]} Nc4 {[%clk 0:00:25]} 27. h5
{[%clk 0:02:29]} Bh7 {[%clk 0:00:20]} 28. Ka1 {[%clk 0:02:05]} Kc7
{[%clk 0:00:13]} 29. b3 {[%clk 0:01:18]} Nb6 {[%clk 0:00:11]} 30. g5
{[%clk 0:01:19]} Kb7 {[%clk 0:00:12]} 31. Rde1 {[%clk 0:00:53]} Qc5
{[%clk 0:00:16]} 32. g6 {[%clk 0:00:44]} fxg6 {[%clk 0:00:17]} 33. Nxh7
{[%clk 0:00:36]} Rxh7 {[%clk 0:00:22]} 34. hxg6 {[%clk 0:00:45]} Rd7
{[%clk 0:00:16]} 35. Rxe6 {[%clk 0:00:49]} Qc3+ {[%clk 0:00:13]} 36. Kb1
{[%clk 0:00:58]} Nc4 {[%clk 0:00:11]} 37. bxc4 {[%clk 0:00:59]} dxc4
{[%clk 0:00:18]} 38. Qf3+ {[%clk 0:00:54]} Qxf3 {[%clk 0:00:24]} 39. Nxf3
{[%clk 0:01:03]} Rf8 {[%clk 0:00:27]} 40. Kb2 {[%clk 0:00:57]} b4
{[%clk 0:00:35]} 41. a3 {[%clk 0:01:03]} a5 {[%clk 0:00:41]} 42. Re4
{[%clk 0:00:55]} Rc7 {[%clk 0:00:20]} 43. Rg4 {[%clk 0:00:56]} Rg7
{[%clk 0:00:18]} 44. axb4 {[%clk 0:00:57]} axb4 {[%clk 0:00:27]} 45. Rxc4
{[%clk 0:00:53]} Rxg6 {[%clk 0:00:35]} 46. Rxb4+ {[%clk 0:00:59]} Kc7
{[%clk 0:00:43]} 47. Nd2 {[%clk 0:00:42]} Rh8 {[%clk 0:00:50]} 48. Rf7+
{[%clk 0:00:49]} Kc6 {[%clk 0:00:59]} 49. Nf3 {[%clk 0:00:51]} Rg2
{[%clk 0:00:54]} 50. Rf6+ {[%clk 0:00:34]} Kc5 {[%clk 0:00:39]} 51. Re4
{[%clk 0:00:34]} Rh5 {[%clk 0:00:12]} 52. Ne1 {[%clk 0:00:24]} Rg8
{[%clk 0:00:11]} 53. Nd3+ {[%clk 0:00:32]} Kd5 {[%clk 0:00:16]} 54. Rb4
{[%clk 0:00:29]} Rh2 {[%clk 0:00:17]} 55. Rf5+ {[%clk 0:00:25]} Kd6
{[%clk 0:00:21]} 56. Rd4+ {[%clk 0:00:33]} Kc6 {[%clk 0:00:12]} 57. Rc5+
{[%clk 0:00:40]} Kb6 {[%clk 0:00:18]} 58. Rb4+ {[%clk 0:00:49]} Ka6
{[%clk 0:00:27]} 59. Rc3 {[%clk 0:00:51]} Rg5 {[%clk 0:00:24]} 60. Ra3+
{[%clk 0:00:59]} Ra5 {[%clk 0:00:32]} 61. Nc5+ {[%clk 0:01:08]} Ka7
{[%clk 0:00:41]} 62. Rxa5# 1-0